<?xml version="1.0" encoding="UTF-8"?>
<collection xmlns="http://www.loc.gov/MARC21/slim">
 <record>
  <leader>01552nam a22002537a 4500</leader>
  <controlfield tag="001">NCT_63836</controlfield>
  <controlfield tag="008">190420b        xxu||||| |||| 00| 0 vie d</controlfield>
  <datafield tag="999" ind1=" " ind2=" ">
   <subfield code="c">3087</subfield>
   <subfield code="d">3087</subfield>
  </datafield>
  <datafield tag="020" ind1=" " ind2=" ">
   <subfield code="a">9786048224042</subfield>
   <subfield code="c">70000</subfield>
  </datafield>
  <datafield tag="082" ind1="0" ind2="4">
   <subfield code="2">23rd ed.</subfield>
   <subfield code="a">624.154</subfield>
   <subfield code="b">M431C</subfield>
  </datafield>
  <datafield tag="245" ind1="0" ind2="0">
   <subfield code="a">TCVN 10304:2014 Móng cọc - tiêu chuẩn thiết kế </subfield>
   <subfield code="b">= Pile foundation - design standard</subfield>
  </datafield>
  <datafield tag="250" ind1=" " ind2=" ">
   <subfield code="a">Xuất bản lần 1</subfield>
  </datafield>
  <datafield tag="260" ind1=" " ind2=" ">
   <subfield code="a">H.</subfield>
   <subfield code="b">Xây dựng</subfield>
   <subfield code="c">2018</subfield>
  </datafield>
  <datafield tag="300" ind1=" " ind2=" ">
   <subfield code="a">87 tr.</subfield>
   <subfield code="c">31cm</subfield>
  </datafield>
  <datafield tag="490" ind1=" " ind2=" ">
   <subfield code="a">Tiêu chuẩn Quốc gia</subfield>
  </datafield>
  <datafield tag="520" ind1=" " ind2=" ">
   <subfield code="a">Giới thiệu nội dung tiêu chuẩn quốc gia 10304:2014 về móng cọc </subfield>
  </datafield>
  <datafield tag="653" ind1=" " ind2=" ">
   <subfield code="a">kỹ thuật công trình xây dựng</subfield>
  </datafield>
  <datafield tag="942" ind1=" " ind2=" ">
   <subfield code="2">ddc</subfield>
   <subfield code="c">BK</subfield>
  </datafield>
  <datafield tag="952" ind1=" " ind2=" ">
   <subfield code="0">0</subfield>
   <subfield code="1">0</subfield>
   <subfield code="2">ddc</subfield>
   <subfield code="4">0</subfield>
   <subfield code="6">624_154000000000000_M431C</subfield>
   <subfield code="7">0</subfield>
   <subfield code="9">16780</subfield>
   <subfield code="a">000001</subfield>
   <subfield code="b">000001</subfield>
   <subfield code="d">2019-04-20</subfield>
   <subfield code="l">1</subfield>
   <subfield code="o">624.154 M431C</subfield>
   <subfield code="p">MD.15376</subfield>
   <subfield code="r">2021-04-03</subfield>
   <subfield code="s">2021-03-27</subfield>
   <subfield code="v">70000.00</subfield>
   <subfield code="w">2019-04-20</subfield>
   <subfield code="y">BK</subfield>
  </datafield>
  <datafield tag="952" ind1=" " ind2=" ">
   <subfield code="0">0</subfield>
   <subfield code="1">0</subfield>
   <subfield code="2">ddc</subfield>
   <subfield code="4">0</subfield>
   <subfield code="6">624_154000000000000_M431C</subfield>
   <subfield code="7">0</subfield>
   <subfield code="9">16781</subfield>
   <subfield code="a">000001</subfield>
   <subfield code="b">000001</subfield>
   <subfield code="d">2019-04-20</subfield>
   <subfield code="o">624.154 M431C</subfield>
   <subfield code="p">MD.15377</subfield>
   <subfield code="r">2019-04-20</subfield>
   <subfield code="v">70000.00</subfield>
   <subfield code="w">2019-04-20</subfield>
   <subfield code="y">BK</subfield>
  </datafield>
  <datafield tag="952" ind1=" " ind2=" ">
   <subfield code="0">0</subfield>
   <subfield code="1">0</subfield>
   <subfield code="2">ddc</subfield>
   <subfield code="4">0</subfield>
   <subfield code="6">624_154000000000000_M431C</subfield>
   <subfield code="7">0</subfield>
   <subfield code="9">16782</subfield>
   <subfield code="a">000001</subfield>
   <subfield code="b">000001</subfield>
   <subfield code="d">2019-04-20</subfield>
   <subfield code="o">624.154 M431C</subfield>
   <subfield code="p">MD.15378</subfield>
   <subfield code="r">2019-04-20</subfield>
   <subfield code="v">70000.00</subfield>
   <subfield code="w">2019-04-20</subfield>
   <subfield code="y">BK</subfield>
  </datafield>
  <datafield tag="952" ind1=" " ind2=" ">
   <subfield code="0">0</subfield>
   <subfield code="1">0</subfield>
   <subfield code="2">ddc</subfield>
   <subfield code="4">0</subfield>
   <subfield code="6">624_154000000000000_M431C</subfield>
   <subfield code="7">0</subfield>
   <subfield code="9">16783</subfield>
   <subfield code="a">000001</subfield>
   <subfield code="b">000001</subfield>
   <subfield code="d">2019-04-20</subfield>
   <subfield code="o">624.154 M431C</subfield>
   <subfield code="p">MD.15379</subfield>
   <subfield code="r">2019-04-20</subfield>
   <subfield code="v">70000.00</subfield>
   <subfield code="w">2019-04-20</subfield>
   <subfield code="y">BK</subfield>
  </datafield>
  <datafield tag="952" ind1=" " ind2=" ">
   <subfield code="0">0</subfield>
   <subfield code="1">0</subfield>
   <subfield code="2">ddc</subfield>
   <subfield code="4">0</subfield>
   <subfield code="6">624_154000000000000_M431C</subfield>
   <subfield code="7">0</subfield>
   <subfield code="9">16784</subfield>
   <subfield code="a">000001</subfield>
   <subfield code="b">000001</subfield>
   <subfield code="d">2019-04-20</subfield>
   <subfield code="o">624.154 M431C</subfield>
   <subfield code="p">MD.15380</subfield>
   <subfield code="r">2019-04-20</subfield>
   <subfield code="v">70000.00</subfield>
   <subfield code="w">2019-04-20</subfield>
   <subfield code="y">BK</subfield>
  </datafield>
  <datafield tag="980" ind1=" " ind2=" ">
   <subfield code="a">Thư viện Trường Đại học Nam Cần Thơ</subfield>
  </datafield>
 </record>
</collection>
